Normal view
MARC view
Entry Personal Name
001 - CONTROL NUMBER
- control field: 1236264
003 - CONTROL NUMBER IDENTIFIER
- control field: OSt
005 - DATE AND TIME OF LATEST TRANSACTION
- control field: 20260430150033.0
008 - FIXED-LENGTH DATA ELEMENTS
- fixed length control field: 260430|| aca||aabn | a|a d
040 ## - CATALOGING SOURCE
- Original cataloging agency: OSt
- Transcribing agency: OSt
100 ## - HEADING--PERSONAL NAME
- Personal name: Norain Au.; Khan Irshad Ahmad Gu
670 ## - SOURCE DATA FOUND
- Source citation: Work cat.: (OSt)1848791: Norain Au.; Khan Irshad Ahmad Gu., Ekkiswin sadi ke Urdu novelon ka mauzuati usloobiyat aur techniki mutala, 2021
